000 00528nam a2200157 i 4500
001 184854
003 ES-MaACL
005 20240128062950.0
008 160205q19101920sp |||| | spa d
100 1 _aFlaubert, Gustave,
_d1821-1880
_951134
245 1 4 _aLas tentaciones de San Antonio /
_cpor Gustavo Flaubert.
260 _aMadrid :
_bAntonio López,
_c[191?]
300 _a183 p. ;
_c18 cm.
852 _aES-MaACL
_jT-1423-F-2
_z.- Enc. en un vol. facticio conservando la cub. original
999 _c184854
_d184854